Teorie a praxe měření nadměrného daňového břemene
Z histórie nadmerného daňového bremena. Nadmerné bremeno dane - základný koncept. Indiferenčná analýza. Odklon od základného konceptu - nelinearita ponukovej a dopytovej funkcie. Odklon od základného konceptu - Hickovské nadmerné bremeno. Dane, ktoré majú najmenšie nadmerné bremeno.
Saved in:
| Main Author: | |
|---|---|
| Format: | Book Chapter |
| Language: | Czech |
| Subjects: | |
| Tags: |
No Tags, Be the first to tag this record!
|
MARC
| LEADER | 00000naa a2200000 4500 | ||
|---|---|---|---|
| 001 | r046008 | ||
| 005 | 20231002112544.1 | ||
| 041 | 0 | |a cze | |
| 044 | |a CZ | ||
| 245 | 1 | 0 | |a Teorie a praxe měření nadměrného daňového břemene |c Květa Kubátová |
| 520 | |a Z histórie nadmerného daňového bremena. Nadmerné bremeno dane - základný koncept. Indiferenčná analýza. Odklon od základného konceptu - nelinearita ponukovej a dopytovej funkcie. Odklon od základného konceptu - Hickovské nadmerné bremeno. Dane, ktoré majú najmenšie nadmerné bremeno. | ||
| 610 | 2 | 0 | |a zaťaženie daňové |
| 610 | 2 | 0 | |a dane |
| 610 | 2 | 0 | |a teórie ekonomické |
| 610 | 2 | 0 | |a náklady |
| 610 | 2 | 0 | |a dane priame |
| 610 | 2 | 0 | |a systémy daňové |
| 100 | 1 | |a Kubátová, Květa | |